00521nam a22001817a 450000500170000001000150001702000260003203500140005803700130007208200110008510000150009624500640011126000340017527000570020930000260026670000210029270000260031320170621150342.0 aENG-118841 a9789385285462c795.00 aEN-102373 bDBAD/PUB a155.33 aBhav, Nari aAndrogyny and female impresonation in india /cby Nari Bhav aNew DelhibNiyogi Booksc2016 aD-78, Okhla Industrial Area, New Delhi-110020, India a356pbill.c22cm.(Hb) aMukherjee, Tutun aChaterjee, Niladri R.